| 000 | 00526nam a2200193 4500 | ||
|---|---|---|---|
| 003 | OSt | ||
| 005 | 20260530113921.0 | ||
| 008 | 260520b |||||||| |||| 00| 0 eng d | ||
| 040 |
_aICI _bspa _cICI _erda |
||
| 050 |
_aNA1 _b.D47 |
||
| 100 | 1 |
_aBritish Council _eautor _934610 |
|
| 245 |
_aDesign & Architecture _bNews/Programme |
||
| 264 |
_aReino Unido _bBritish Council _c2007 |
||
| 300 | _a18 páginas | ||
| 336 |
_2rdacontent _atexto |
||
| 337 |
_2rdamedia _asin medio |
||
| 338 |
_2rdacarrier _avolumen |
||
| 942 |
_2lcc _n1 _cBK |
||
| 999 |
_c12435 _d12435 |
||